00431nam a2200181Ia 4500003000400000005001700004008004100021020001800062040000700080041000800087082002200095100002800117245002800145250000600173260003800179300002400217365000800241OSt20230612112844.0210423s2008 xx 000 0 und d a9781429203142 cAL aeng a574.88 223bLODH aLODISH (Harvey);others. aMolecular cell biology. a6 aNew YorkbW H Freeman & Co.c2008 axxxix,1084,I-36bPB cINR